Подробности
| 000 -МАРКЕР |
| контрольное поле |
04127nam2a2200505 4500 |
| 001 - ИДЕНТИФИКАТОР ЗАПИСИ |
| контрольное поле |
rc\1810929 |
| 005 - ИДЕНТИФИКАТОР ВЕРСИИ |
| контрольное поле |
20260320103449.0 |
| 035 ## - ДРУГИЕ СИСТЕМНЫЕ НОМЕРА |
| Идентификатор записи |
(NLR Aleph) 010158602 |
| 100 ## - ДАННЫЕ ОБЩЕЙ ОБРАБОТКИ |
| Данные общей обработки |
20071224d1906 u y0rusy50 ca |
| 101 0# - ЯЗЫК РЕСУРСА |
| Язык текста, звукозаписи и т.д. |
русский |
| 102 ## - СТРАНА ПУБЛИКАЦИИ ИЛИ ПРОИЗВОДСТВА |
| Страна публикации |
Российская Федерация |
| 105 ## - ПОЛЕ КОДИРОВАННЫХ ДАННЫХ: ТЕКСТОВЫЕ МАТЕРИАЛЫ, МОНОГРАФИЧЕСКИЕ |
| Кодированные данные о монографическом текстовом документе |
c z |||a| |
| 135 ## - ПОЛЕ КОДИРОВАННЫХ ДАННЫХ: ЭЛЕКТРОННЫЕ РЕСУРСЫ |
| Кодированные данные для электронного ресурса |
crmn mmmaaada |
| 200 0# - ЗАГЛАВИЕ И СВЕДЕНИЯ ОБ ОТВЕТСТВЕННОСТИ |
| Основное заглавие |
[Т. 1] |
| 210 ## - ПУБЛИКАЦИЯ, РАСПРОСТРАНЕНИЕ И ДР. |
| Дата издания, распространения и т.д. |
1906 |
| 215 ## - ФИЗИЧЕСКАЯ ХАРАКТЕРИСТИКА |
| Специфическое обозначение материала и объем |
190 с., [1] л. портр. |
| 225 1# - СЕРИЯ |
| Основное заглавие серии |
Библиотека декабристов |
| Обозначение тома |
вып. 1 |
| 300 ## - ОБЩИЕ ПРИМЕЧАНИЯ |
| Текст примечания |
Загл. обл.: Полное собрание сочинений Кондратия Федоровича Рылеева: портрет и статьи |
| 325 ## - ПРИМЕЧАНИЕ О КОПИИ |
| Текст примечания |
Копия доступна в Электрон. б-ке РНБ http://vivaldi.nlr.ru/bv000030160/view |
| 327 1# - ПРИМЕЧАНИЯ О СОДЕРЖАНИИ |
| Текст примечания |
Содерж.: разделы: I. Статьи: Заговор 1825 года / А.И. Герцен. Воспоминание о К.Ф. Рылееве / Н. Бестужев (декабрист). Поэзия гражданской борьбы / Г. Балицкий; II. Думы; III. Поэмы: А.А. Бестужеву; Жизнеопис. Войнаровского. Войнаровский; Наливайко (отрывки); Гайдамак (отрывок из поэмы "Хмельницкий"); Палей (два отрывка); Партизаны (отрывок); IV. Стихотворения |
| 461 #0 - УРОВЕНЬ НАБОРА |
| Встроенное поле |
001rc\1810928 |
| -- |
2001#$aСобрание сочинений К.Ф. Рылеева$eего портрет и статьи: А.И. Герцена, Н.А. Бестужева, Г. Балицкого$v[Т. 1] |
| Системный номер (АБИС) связанной записи |
10093998 |
| Автор |
Рылеев, К. Ф. (1795-1826) |
| Место публикации |
Москва |
| Дата публикации |
1906-1907 |
| Имя издателя, распространителя и т.д. |
издание "Библиотеки декабристов" |
| Сведения, относящиеся к заглавию |
его порт. и статьи: А.И. Герцена, Н.А. Бестужева, Г. Балицкого |
| Заглавие |
Собрание сочинений К.Ф. Рылеева |
| Номер тома |
[Т. 1] |
| 464 #0 - АНАЛИТИЧЕСКИЙ УРОВЕНЬ |
| Встроенное поле |
2001#$aЗаговор 1825 года$fА.И. Герцен |
| -- |
215##$aС. 1-17 |
| -- |
700#1$3RU\NLR\AUTH\773922$aГерцен$bА. И.$f1812-1870$gАлександр Иванович |
| Заглавие |
Заговор 1825 года |
| Автор |
Герцен, Александр Иванович (1812-1870) |
| 464 #0 - АНАЛИТИЧЕСКИЙ УРОВЕНЬ |
| Встроенное поле |
2001#$aВоспоминание о К.Ф. Рылееве$fСоч. Н. Бестужева-декабриста |
| -- |
215##$aС. 18-46 |
| -- |
700#1$3RU\NLR\AUTH\7739732$aБестужев$bН.А.$gНиколай Александрович$f1791-1855 |
| Заглавие |
Воспоминание о К.Ф. Рылееве |
| Автор |
Бестужев, Николай Александрович (1791-1855) |
| 464 #0 - АНАЛИТИЧЕСКИЙ УРОВЕНЬ |
| Встроенное поле |
2001#$aПоэзия гражданской борьбы$e(К.Ф. Рылеев)$fГ. Балицкий |
| -- |
215##$aС. 47-54 |
| -- |
700#1$3RU\NLR\AUTH\770267682$aБалицкий$bГ. В.$cисторик$gГригорий Васильевич |
| Заглавие |
Поэзия гражданской борьбы |
| Автор |
Балицкий, Григорий Васильевич (историк) |
| 464 #0 - АНАЛИТИЧЕСКИЙ УРОВЕНЬ |
| Встроенное поле |
2001#$aА.А. Бестужеву |
| -- |
215##$aС. 121 |
| Заглавие |
А.А. Бестужеву |
| 464 #0 - АНАЛИТИЧЕСКИЙ УРОВЕНЬ |
| Встроенное поле |
2001#$aВойнаровский |
| Заглавие |
Войнаровский |
| 464 #0 - АНАЛИТИЧЕСКИЙ УРОВЕНЬ |
| Встроенное поле |
2001#$aНаливайко |
| Заглавие |
Наливайко |
| 464 #0 - АНАЛИТИЧЕСКИЙ УРОВЕНЬ |
| Встроенное поле |
2001#$aГайдамак$eотрывок из поэмы "Хмельницкий" |
| Заглавие |
Гайдамак |
| 464 #0 - АНАЛИТИЧЕСКИЙ УРОВЕНЬ |
| Встроенное поле |
2001#$aПалей |
| Заглавие |
Палей |
| 464 #0 - АНАЛИТИЧЕСКИЙ УРОВЕНЬ |
| Встроенное поле |
2001#$aПартизаны |
| Заглавие |
Партизаны |
| 512 1# - ЗАГЛАВИЕ ОБЛОЖКИ |
| Заглавие обложки |
Полное собрание сочинений Кондратия Федоровича Рылеева |
| Сведения, относящиеся к заглавию |
портрет и статьи |
| 801 #0 - ИСТОЧНИК ЗАПИСИ |
| Страна |
Российская Федерация |
| Организация |
NLR |
| Правила каталогизации |
psbo |
| 801 #0 - ИСТОЧНИК ЗАПИСИ |
| Страна |
Российская Федерация |
| Организация |
RuMoRGB |
| Источник данных |
psbo |
| 801 #1 - ИСТОЧНИК ЗАПИСИ |
| Страна |
Российская Федерация |
| Организация |
ProSoft-M |
| Источник данных |
rusmarc |
| 801 #2 - ИСТОЧНИК ЗАПИСИ |
| Страна |
Российская Федерация |
| Организация |
NLR |
| Дата составления |
20110328 |
| Источник данных |
rusmarc |
| 852 ## - МЕСТОНАХОЖДЕНИЕ И ШИФР ХРАНЕНИЯ |
| Идентификатор организации |
NLR |
| Шифр хранения (Call Number) |
37.8.6.4(1) |
| 856 #0 - МЕСТОНАХОЖДЕНИЕ ЭЛЕКТРОННЫХ РЕСУРОВ И ДОСТУП К НИМ |
| Универсальный идентификатор ресурса (Uniform Resource Identifier) |
http://vivaldi.nlr.ru/bv000030160/view |
| 856 #1 - МЕСТОНАХОЖДЕНИЕ ЭЛЕКТРОННЫХ РЕСУРОВ И ДОСТУП К НИМ |
| Универсальный идентификатор ресурса (Uniform Resource Identifier) |
http://vivaldi.nlr.ru/bv000030160/cover |
| 856 #2 - МЕСТОНАХОЖДЕНИЕ ЭЛЕКТРОННЫХ РЕСУРОВ И ДОСТУП К НИМ |
| Универсальный идентификатор ресурса (Uniform Resource Identifier) |
http://vivaldi.nlr.ru/bv000030160/text |
| 942 ## - ДОПОЛНИТЕЛЬНЫЕ ЭЛЕМЕНТЫ ЗАПИСИ (АБИС) |
| Тип экземпляра АБИС |
Книга |
| 980 ## - КОЛЛЕКЦИЯ |
| Название коллекции |
Национальная библиография |
| 981 33 - КОЛЛЕКЦИЯ ЭЛЕКТРОННОЙ БИБЛИОТЕКИ |
| Название коллекции |
Художественная литература |
| Название подколлекции |
1. Отечественная литература |